| Поле | Инд. | ПП | Название | Значение |
|---|---|---|---|---|
| Тип записи | a | |||
| Библиографический уровень | m | |||
| 001 | Контрольный номер | RU/IS/BASE/263562919 | ||
| 005 | Дата корректировки | 20250401105220.3 | ||
| 008 | Кодируемые данные | 19950713 | ||
| 040 | 00 | e | Правила каталог. | Л 950713 |
| 084 | a | Индекс другой классификации/Индекс ББК | 87.152.41; 87.3(7Арг)6-8Бунге М. | |
| 090 | 00 | a | Полочн. индекс | 87.152.41 испр. |
| x | Авторский знак | Б 91 | ||
| 097 | 00 | a | 230 | |
| 100 | 10 | a | Автор | Бунге М. |
| q | Полное имя | Бунге Марио | ||
| u | Дополнение к имени | Bunge M. | ||
| 245 | 00 | a | Заглавие | Причинность: Место принципа причинности в современной науке |
| c | Ответственность | перевод с английского И. С. Шерн-Борисовой, С. Ф. Шушурина; общая редакция, послесловие Г. С. Васецкого | ||
| 246 | 01 | a | Другая форма заглавия | Causality: The Place of the Causal Principle in Modern Science |
| 260 | 00 | a | Место издания | Москва |
| b | Издательство | Иностранная литература | ||
| c | Дата издания | 1962 | ||
| 300 | 00 | a | Объем | 511 с. |
| 336 | a | Термин вида содержания | Текст | |
| 337 | a | Термин типа средства | непосредственный | |
| 504 | 00 | a | Библиография | Прил.: с. 399-476. - Предм. и имен. указ.: с. 493.-510 |
| 600 | 14 | a | Персоналии | Бунге Марио |
| 650 | 04 | a | Основная рубрика | история философии |
| a | Основная рубрика | философия | ||
| 653 | 00 | a | Ключевые слова | XX век |
| a | Ключевые слова | антропология | ||
| a | Ключевые слова | Аргентина | ||
| a | Ключевые слова | астрономия | ||
| a | Ключевые слова | борьба противоположностей | ||
| a | Ключевые слова | бытие | ||
| a | Ключевые слова | верификация | ||
| a | Ключевые слова | вероятность | ||
| a | Ключевые слова | взаимодействия | ||
| a | Ключевые слова | взаимозависимость | ||
| a | Ключевые слова | генетическая связь | ||
| a | Ключевые слова | гипотезы | ||
| a | Ключевые слова | гносеология | ||
| a | Ключевые слова | детерминация | ||
| a | Ключевые слова | детерминизм | ||
| a | Ключевые слова | диалектика | ||
| a | Ключевые слова | дихотомия | ||
| a | Ключевые слова | дух | ||
| a | Ключевые слова | закон | ||
| a | Ключевые слова | знания | ||
| a | Ключевые слова | идеализм | ||
| a | Ключевые слова | идеи | ||
| a | Ключевые слова | импликация | ||
| a | Ключевые слова | индетерминизм | ||
| a | Ключевые слова | иррационализм | ||
| a | Ключевые слова | исследования | ||
| a | Ключевые слова | истина | ||
| a | Ключевые слова | исторический метод | ||
| a | Ключевые слова | категории | ||
| a | Ключевые слова | качество | ||
| a | Ключевые слова | критика | ||
| a | Ключевые слова | логика | ||
| a | Ключевые слова | логический анализ | ||
| a | Ключевые слова | математика | ||
| a | Ключевые слова | материализм | ||
| a | Ключевые слова | материя | ||
| a | Ключевые слова | методология | ||
| a | Ключевые слова | механика | ||
| a | Ключевые слова | мировоззрение | ||
| a | Ключевые слова | мышление | ||
| a | Ключевые слова | наука | ||
| a | Ключевые слова | научные законы | ||
| a | Ключевые слова | новейшее время | ||
| a | Ключевые слова | номинализм | ||
| a | Ключевые слова | онтология | ||
| a | Ключевые слова | опыт | ||
| a | Ключевые слова | позитивизм | ||
| a | Ключевые слова | познание | ||
| a | Ключевые слова | предсказания | ||
| a | Ключевые слова | причинность | ||
| a | Ключевые слова | причины | ||
| a | Ключевые слова | прогресс | ||
| a | Ключевые слова | регресс | ||
| a | Ключевые слова | свобода | ||
| a | Ключевые слова | семантика | ||
| a | Ключевые слова | синтез | ||
| a | Ключевые слова | социальная философия | ||
| a | Ключевые слова | сущность | ||
| a | Ключевые слова | схоластика | ||
| a | Ключевые слова | феноменализм | ||
| a | Ключевые слова | философские направления | ||
| a | Ключевые слова | философские споры | ||
| a | Ключевые слова | философы | ||
| a | Ключевые слова | функционализм | ||
| a | Ключевые слова | эволюция | ||
| a | Ключевые слова | эксперимент | ||
| a | Ключевые слова | явления | ||
| a | Ключевые слова | язык | ||
| 700 | 10 | a | Автор | Васецкий Г. С. |
| e | Роль лиц | редактор; автор послесловия | ||
| 700 | 10 | a | Автор | Шерн-Борисова И. С. |
| e | Роль лиц | переводчик | ||
| 700 | 10 | a | Автор | Шушурин С. Ф. |
| e | Роль лиц | переводчик | ||
| 720 | a | Наименование подборки | Кафедра клинической психологии | |
| e | Признак/вид подборки | Рекомендовано кафедрой | ||
| 787 | 18 | w | Контрольный номер связываемой записи | DU/570110947 |
| 901 | t | Тип документа | m | |
| 952 | a | Тип литературы для КСУ ВШ | НАУ |